Discourse Analysis / (ბიბ.ჩანაწერი № 41217)
[ მარტივი ფორმატი ]
| 000 -LEADER | |
|---|---|
| fixed length control field | 00607nam a2200229Ia 4500 |
| 001 - CONTROL NUMBER | |
| control field | 7869 |
| 003 - CONTROL NUMBER IDENTIFIER | |
| control field | GE_BSU |
| 005 - DATE AND TIME OF LATEST TRANSACTION | |
| control field | 20220927153125.0 |
| 008 - FIXED-LENGTH DATA ELEMENTS--GENERAL INFORMATION | |
| fixed length control field | 181216s2012en xx |||||||||||||| ||eng|| |
| 020 ## - INTERNATIONAL STANDARD BOOK NUMBER | |
| International Standard Book Number | 9780521284752 |
| 040 ## - CATALOGING SOURCE | |
| Transcribing agency | GE_BSU |
| 041 ## - LANGUAGE CODE | |
| Language code of text/sound track or separate title | eng |
| 080 ## - UNIVERSAL DECIMAL CLASSIFICATION NUMBER | |
| Universal Decimal Classification number | 811.111'36 B-89 |
| 100 ## - MAIN ENTRY--PERSONAL NAME | |
| Personal name | Brown, Gillian |
| 9 (RLIN) | 14858 |
| 245 ## - TITLE STATEMENT | |
| Title | Discourse Analysis / |
| Statement of responsibility, etc. | Gillian Brown. |
| 264 ## - PRODUCTION, PUBLICATION, DISTRIBUTION, MANUFACTURE, AND COPYRIGHT NOTICE | |
| Place of production, publication, distribution, manufacture | Cambridge, |
| Date of production, publication, distribution, manufacture, or copyright notice | 2012. |
| 300 ## - PHYSICAL DESCRIPTION | |
| Extent | 288 p.: |
| Dimensions | 22 cm. |
| 653 ## - INDEX TERM--UNCONTROLLED | |
| keyword | Discourse Analysis |
| 653 ## - INDEX TERM--UNCONTROLLED | |
| keyword | Დისკურსის ანალიზი |
| 653 ## - INDEX TERM--UNCONTROLLED | |
| keyword | გრამატიკა |
| 942 ## - ADDED ENTRY ELEMENTS (KOHA) | |
| Koha item type | წიგნი |
| Source of classification or shelving scheme | |
| Withdrawn status | Lost status | Source of classification or shelving scheme | Damaged status | Not for loan | Permanent Location | Current Location | Shelving location | Date acquired | Cost, normal purchase price | Full call number | Barcode | Date last seen | Copy number | Price effective from | Koha item type | Public note |
|---|---|---|---|---|---|---|---|---|---|---|---|---|---|---|---|---|
| ბათუმის შოთა რუსთაველის სახელმწიფო უნივერსიტეტის მთავარი ბიბლიოთეკა | ბათუმის შოთა რუსთაველის სახელმწიფო უნივერსიტეტის მთავარი ბიბლიოთეკა | წიგნსაცავი | 2018-12-17 | 82.00 | 811.111'36 B-89 | 24273 | 2018-12-17 | 24273 | 2018-12-17 | წიგნი | 82 gel. | |||||
| ბათუმის შოთა რუსთაველის სახელმწიფო უნივერსიტეტის მთავარი ბიბლიოთეკა | ბათუმის შოთა რუსთაველის სახელმწიფო უნივერსიტეტის მთავარი ბიბლიოთეკა | წიგნსაცავი | 2018-12-17 | 82.00 | 811.111'36 B-89 | 24274 | 2018-12-17 | 24274 | 2018-12-17 | წიგნი | 82 gel. | |||||
| ბათუმის შოთა რუსთაველის სახელმწიფო უნივერსიტეტის მთავარი ბიბლიოთეკა | ბათუმის შოთა რუსთაველის სახელმწიფო უნივერსიტეტის მთავარი ბიბლიოთეკა | წიგნსაცავი | 2018-12-17 | 82.00 | 811.111'36 B-89 | 24275 | 2018-12-17 | 24275 | 2018-12-17 | წიგნი | 82 gel. | |||||
| ბათუმის შოთა რუსთაველის სახელმწიფო უნივერსიტეტის მთავარი ბიბლიოთეკა | ბათუმის შოთა რუსთაველის სახელმწიფო უნივერსიტეტის მთავარი ბიბლიოთეკა | წიგნსაცავი | 2018-12-17 | 82.00 | 811.111'36 B-89 | 24276 | 2018-12-17 | 24276 | 2018-12-17 | წიგნი | 82 gel. | |||||
| ბათუმის შოთა რუსთაველის სახელმწიფო უნივერსიტეტის მთავარი ბიბლიოთეკა | ბათუმის შოთა რუსთაველის სახელმწიფო უნივერსიტეტის მთავარი ბიბლიოთეკა | წიგნსაცავი | 2018-12-17 | 82.00 | 811.111'36 B-89 | 24277 | 2018-12-17 | 24277 | 2018-12-17 | წიგნი | 82 gel. |
